000 00347nam a2200133Ia 4500
008 240624s9999 xx 000 0 und d
041 _aeng
082 _a828 TAM
100 _aTAMBE ASHWINI
245 _aCODES OF MISCONDUCT REGULATING PROSTITUT
260 _c2009
_aNew Delhi
_bZubaan
300 _axxvii, : 179 : p. : cm. ; 22
365 _cRS
_b32
999 _c18831
_d18831